000 01523pam a2200337 a 4500
999 _c26494
_d26494
001 2486773
003 OSt
005 20170204141501.0
008 910417s1991 ilua b s001 0 eng
010 _a 91018541
020 _a0226159426 (alk. paper)
040 _aDLC
_cDLC
_dDLC
043 _an-us---
050 0 0 _aND237.B47D67 1991
082 0 0 _a759.13
_220
100 1 _aDoss, Erika,
_d1991-
245 1 0 _aBenton, Pollock, and the politics of modernism :
_bfrom regionalism to abstract expressionism /
_cErika Doss.
260 _aChicago :
_bUniversity of Chicago Press,
_c1991.
300 _axvi, 445 p. :
_bill. ;
_c25 cm.
500 _aIncludes bibliographical references and index.
600 1 0 _aBenton, Thomas Hart,
_d1889-1975
_xCriticism and interpretation.
600 1 0 _aPollock, Jackson.
_d1912-1956
_xCriticism and interpretation.
650 0 _aRegionalism in art
_zUnited States.
650 0 _aAbstract expressionism
_zUnited States.
650 0 _aModernism (Art)
_xPolitical aspects
_zUnited States
_xHistory
_y20th century.
856 4 2 _3Publisher description
_uhttp://www.loc.gov/catdir/description/uchi052/91018541.html
856 4 1 _3Table of contents
_uhttp://www.loc.gov/catdir/toc/uchi051/91018541.html
906 _a7
_bcbc
_corignew
_d1
_eocip
_f19
_gy-gencatlg
942 _2lcc
_cBOOKS
_hND237.B47D67 1991
_k33961